000 00425nam a2200181Ia 4500
008 220531s9999 xx 000 0 und d
041 _aeng
082 _bSIN
100 _aSingh,s. &. Singh,t
_957535
245 _aPrinciples Of Management
250 _a1
260 _aPune
_bThakur
_c2011
300 _a352
542 _d17-12-2012
650 _aManagement
_957536
906 _d2012-2013
999 _c33084
_d33084